000 00417nab a22001097u 4500
008 130520b2004 xxu||||| |||| 00| 0 eng d
041 _aeng
100 1 _aVerstraeten, Johan
_947774
245 0 0 _aWhy Pacem In Terris was Right to Think Beyond the Just War Theory: A Reflection in the Light of the War in Iraq (2003)
_cJohan Verstraeten
773 0 _tGrace & Truth
_gV.21, nº1,2004,págs. 32-39
_x0
_wRev218
942 _cAR
999 _c300148
_d300148